000
00221nam a2200085Ia 4500
008
240321s9999 xx 000 0 und d
082
_a
725.23
_b
OFF
245
0
_a
OFFICE spaces 2: a pictorial review
260
_b
Image Publishing
999
_c
59766
_d
59766